[Event "Rated Blitz game"]
[Site "?"]
[Date "2021.04.29"]
[Round "?"]
[White "B4RBOSAEMANUEL"]
[Black "KinzyabulatovRenat"]
[Result "1-0"]
[WhiteElo "2402"]
[BlackElo "2355"]
[PlyCount "112"]
[EventDate "2021.??.??"]
[EventType "blitz"]

1. e4 e5 2. Nf3 d5 3. d4 dxe4 4. Nxe5 Bd6 5. Nc3 Bxe5 6. dxe5 Qxd1+ 7. Nxd1 Nc6
8. Bb5 Bd7 9. Bxc6 Bxc6 10. Nc3 Ne7 11. Bf4 Ng6 12. Bg3 h5 13. h3 h4 14. Bh2
O-O-O 15. O-O Rd2 16. Rac1 e3 17. f3 Re8 18. Rfd1 Nxe5 19. Rxd2 exd2 20. Rd1
Nc4 21. b3 Re1+ 22. Kf2 Re3 23. Ne2 Re6 24. bxc4 Rg6 25. Rxd2 b6 26. Rd4 Rh6
27. Bf4 Rh5 28. Be3 Ra5 29. c3 g5 30. Rd2 f6 31. Nd4 Bd7 32. Nb3 Ra4 33. c5 b5
34. Nd4 a6 35. c6 Be8 36. Nf5 Bxc6 37. Ne7+ Kb7 38. Nxc6 Kxc6 39. Bd4 f5 40.
Bf6 g4 41. hxg4 fxg4 42. Bxh4 gxf3 43. g3 Rc4 44. Bf6 a5 45. Kxf3 b4 46. cxb4
axb4 47. g4 Rc1 48. g5 Rf1+ 49. Rf2 Rg1 50. Rg2 Rf1+ 51. Ke2 Rf5 52. g6 Rxf6
53. g7 Re6+ 54. Kd3 Re8 55. g8=Q Rxg8 56. Rxg8 Kb5 {Normal} 1-0

[Event "Rated Blitz game"]
[Site "?"]
[Date "2021.04.29"]
[Round "?"]
[White "Dubov1bliz"]
[Black "Jomajo"]
[Result "0-1"]
[WhiteElo "2537"]
[BlackElo "2651"]
[PlyCount "138"]
[EventDate "2021.??.??"]
[EventType "blitz"]

1. e4 e5 2. Nf3 d5 3. exd5 e4 4. Nd4 Qxd5 5. Nb3 Nf6 6. Nc3 Qe5 7. Be2 Nc6 8.
d4 exd3 9. Qxd3 Bf5 10. Qe3 Bxc2 11. Qxe5+ Nxe5 12. Nd4 Bd3 13. O-O Bxe2 14.
Ncxe2 O-O-O 15. h3 Bc5 16. Be3 Nc4 17. Rfc1 Nxe3 18. Rxc5 Ned5 19. Rac1 g6 20.
Nb5 c6 21. Nec3 Kb8 22. Nxd5 Rxd5 23. Rxd5 Nxd5 24. Nd6 f5 25. Re1 Rd8 26. Nc4
Kc7 27. Re6 Rd7 28. Ne5 Re7 29. Rxe7+ Nxe7 30. Nf7 Kd7 31. f3 h5 32. g4 b5 33.
Kf2 Ke6 34. Ng5+ Ke5 35. Ke3 Nd5+ 36. Kf2 h4 37. Nf7+ Kd4 38. Nd6 fxg4 39. fxg4
Nf4 40. Nc8 Nxh3+ 41. Kf3 Ng5+ 42. Kf4 Ne6+ 43. Kf3 a5 44. Ne7 g5 45. Nxc6+ Kd3
46. Nxa5 Kc2 47. b3 Kc3 48. a4 Kb4 49. axb5 Kxa5 50. Ke4 Kxb5 51. Kf5 h3 52.
Kxe6 h2 53. Kf5 h1=Q 54. Kg6 Qd5 55. Kh5 Kb4 56. Kh6 Kxb3 57. Kh5 Kc4 58. Kh6
Kd4 59. Kh5 Ke4 60. Kh6 Kf4 61. Kh5 Qe5 62. Kh6 Kxg4 63. Kh7 Kf5 64. Kg8 g4 65.
Kh7 Qd6 66. Kg8 Qc7 67. Kh8 Kf6 68. Kg8 Qf7+ 69. Kh8 Qg7# {Normal} 0-1

[Event "Rated Blitz game"]
[Site "?"]
[Date "2021.04.29"]
[Round "?"]
[White "Nikolay_III"]
[Black "pasha1984"]
[Result "0-1"]
[WhiteElo "2396"]
[BlackElo "2433"]
[PlyCount "64"]
[EventDate "2021.??.??"]
[EventType "blitz"]

1. e4 e5 2. Nf3 d5 3. Nxe5 dxe4 4. Nc3 Bd6 5. Nc4 Nf6 6. d3 Bb4 7. Bd2 Bxc3 8.
Bxc3 exd3 9. Bxd3 O-O 10. O-O Be6 11. Qf3 Nc6 12. Rad1 Qe7 13. Bxf6 Qxf6 14.
Qxf6 gxf6 15. a3 Rad8 16. Rfe1 Rfe8 17. Ne3 Ne5 18. Be4 b6 19. Nd5 Bxd5 20.
Bxd5 c6 21. Bb3 Kf8 22. Kf1 c5 23. Ba4 Rxd1 24. Rxd1 Re7 25. Rd8+ Kg7 26. Bb5
Ng6 27. g3 Nf8 28. Re8 Rc7 29. Bc4 Ng6 30. f4 Ne7 31. Ke2 Nf5 32. c3 Nd6 {
Normal} 0-1

[Event "Rated Blitz tournament glvZ0x4o"]
[Site "?"]
[Date "2021.04.29"]
[Round "?"]
[White "mrsavic777"]
[Black "VVV-31"]
[Result "1-0"]
[WhiteElo "2663"]
[BlackElo "2289"]
[PlyCount "66"]
[EventDate "2021.??.??"]
[EventType "blitz"]

1. e4 e5 2. Nf3 d5 3. exd5 Bd6 4. Nc3 Nf6 5. d3 h6 6. Be2 O-O 7. O-O c6 8. dxc6
Nxc6 9. Ne4 Bc7 10. Re1 Nd5 11. h3 f5 12. Nc3 Nxc3 13. bxc3 Be6 14. Bf1 Qf6 15.
Bb2 Bd5 16. c4 Bxf3 17. Qxf3 Rae8 18. Re2 Qg6 19. Rae1 e4 20. dxe4 Be5 21. exf5
Rxf5 22. Qd5+ Kh7 23. Bxe5 Nxe5 24. Rxe5 Rexe5 25. Rxe5 Rxe5 26. Qxe5 Qxc2 27.
a3 b6 28. Qe3 Kh8 29. Bd3 Qd1+ 30. Kh2 Qh5 31. Qe4 Kg8 32. Qe6+ Kf8 33. Bg6
Qe5+ {Normal} 1-0

[Event "Rated Blitz tournament eQ5ltAmr"]
[Site "?"]
[Date "2021.04.29"]
[Round "?"]
[White "NOELDelaCruz"]
[Black "khalid_ontawar"]
[Result "1-0"]
[WhiteElo "2462"]
[BlackElo "2323"]
[PlyCount "61"]
[EventDate "2021.??.??"]
[EventType "blitz"]

1. e4 e5 2. Nf3 d5 3. Nxe5 Qe7 4. d4 f6 5. Nd3 dxe4 6. Nf4 Bf5 7. c4 Nc6 8. Nc3
O-O-O 9. d5 Ne5 10. Be3 Nd3+ 11. Bxd3 exd3 12. O-O g5 13. Nxd3 Bg6 14. Bxa7 b6
15. Nb5 Kb7 16. Re1 Qd7 17. a4 Bxd3 18. Qxd3 Bb4 19. Re6 Ra8 20. Qb3 Bc5 21. a5
Ne7 22. a6+ Kc8 23. Rae1 Rd8 24. Qh3 f5 25. Qxh7 g4 26. Rxe7 Bxe7 27. Rxe7 Rxa7
28. Nxa7+ Kb8 29. Rxd7 Re8 30. Nc6+ Ka8 31. Rd8+ {Normal} 1-0

[Event "Rated Blitz tournament o8lcZsJw"]
[Site "?"]
[Date "2021.04.29"]
[Round "?"]
[White "toni_1995"]
[Black "dr_xStranger"]
[Result "1-0"]
[WhiteElo "2413"]
[BlackElo "2524"]
[PlyCount "133"]
[EventDate "2021.??.??"]
[EventType "blitz"]

1. e4 e5 2. Nf3 d5 3. exd5 e4 4. Qe2 Nf6 5. Nc3 Be7 6. Nxe4 O-O 7. Nxf6+ Bxf6
8. Qd1 Qxd5 9. Be2 Nc6 10. O-O Bf5 11. d3 Rad8 12. Bf4 Rfe8 13. Qd2 Bxb2 14.
Rab1 Bf6 15. Rxb7 Nd4 16. Nxd4 Bxd4 17. Bf3 Qxa2 18. Rxc7 Bb6 19. Rc4 Qxc4 20.
dxc4 Rxd2 21. Bxd2 Bxc2 22. Bb4 Bd3 23. Rc1 a5 24. Ba3 Rc8 25. c5 Ba7 26. h3 h6
27. c6 Ba6 28. Bd6 Bb8 29. Bxb8 Rxb8 30. c7 Rf8 31. Ra1 g6 32. Rxa5 Bc8 33. Rd5
Kg7 34. Rd8 h5 35. Kf1 Bf5 36. Bb7 Kg8 37. Rxf8+ Kxf8 38. c8=Q+ Bxc8 39. Bxc8
Ke7 40. Ke2 Kf6 41. Ke3 Kg5 42. Ke4 Kf6 43. Kf4 Kg7 44. Ke5 Kf8 45. Kf6 Kg8 46.
Bd7 Kh7 47. Be8 Kh6 48. Bxf7 g5 49. Bxh5 Kxh5 50. g3 Kh6 51. g4 Kh7 52. Kxg5
Kg7 53. h4 Kh7 54. f4 Kg7 55. f5 Kh7 56. f6 Kg8 57. Kf5 Kf7 58. Ke5 Kf8 59. Ke6
Kg8 60. f7+ Kf8 61. g5 Kg7 62. Ke7 Kg6 63. f8=Q Kh7 64. Qf6 Kg8 65. Ke6 Kh7 66.
Qe7+ Kg6 67. Qf7# {Normal} 1-0

[Event "Rated Blitz tournament TAFTJQNt"]
[Site "?"]
[Date "2021.04.29"]
[Round "?"]
[White "Velociraptorblue"]
[Black "tiberionsky"]
[Result "1-0"]
[WhiteElo "2434"]
[BlackElo "2226"]
[PlyCount "21"]
[EventDate "2021.??.??"]
[EventType "blitz"]

1. e4 e5 2. Nf3 d5 3. Nxe5 Bd6 4. d4 dxe4 5. Qh5 g6 6. Qe2 Bxe5 7. dxe5 Qd4 8.
Nc3 Qxe5 9. Qxe4 Nc6 10. Bb5 Nf6 11. Qxe5+ {Normal} 1-0

[Event "Rated Blitz tournament glvZ0x4o"]
[Site "?"]
[Date "2021.04.29"]
[Round "?"]
[White "Strelok2222"]
[Black "VVV-31"]
[Result "0-1"]
[WhiteElo "2555"]
[BlackElo "2271"]
[PlyCount "120"]
[EventDate "2021.??.??"]
[EventType "blitz"]

1. e4 e5 2. Nf3 d5 3. Nxe5 Bd6 4. d4 dxe4 5. Nc4 Nf6 6. Nc3 O-O 7. h3 h6 8.
Nxd6 Qxd6 9. g3 Rd8 10. Be3 Bf5 11. Bg2 Nc6 12. g4 Bg6 13. Ne2 Qb4+ 14. c3 Qxb2
15. Rb1 Qxa2 16. Rxb7 Na5 17. Rxc7 Nd5 18. Rc5 Nxe3 19. fxe3 Nc4 20. Qc1 Nb2
21. Nf4 Nd3+ 22. Nxd3 Qxg2 23. Nf2 Rac8 24. Rxc8 Rxc8 25. c4 f5 26. gxf5 Bh5
27. Qc2 Bf3 28. d5 Rf8 29. d6 Rxf5 30. d7 Qg5 31. Qd2 Qd8 32. Rg1 Rf7 33. Qd4
Qxd7 34. Qxd7 Rxd7 35. Rg6 Kf7 36. Ra6 Rc7 37. c5 Rxc5 38. Rxa7+ Kg6 39. Ra4
Kf5 40. Ra7 g5 41. Rf7+ Kg6 42. Rf8 Rc1+ 43. Kd2 Ra1 44. Ng4 Bxg4 45. hxg4 Rg1
46. Rg8+ Kh7 47. Re8 Rxg4 48. Kc3 h5 49. Kd4 h4 50. Ke5 Kh6 51. Kf5 Rg3 52.
Kxe4 h3 53. Kf5 Rf3+ 54. Kg4 Rf1 55. Re6+ Kg7 56. Kxg5 h2 57. Rg6+ Kf7 58. Rh6
h1=Q 59. Rh7+ Ke6 60. Rxh1 Rxh1 {Time forfeit} 0-1

[Event "Rated Blitz game"]
[Site "?"]
[Date "2021.04.29"]
[Round "?"]
[White "thekinglear"]
[Black "DarthZannah"]
[Result "1/2-1/2"]
[WhiteElo "2435"]
[BlackElo "2533"]
[PlyCount "132"]
[EventDate "2021.??.??"]
[EventType "blitz"]

1. e4 e5 2. Nf3 d5 3. exd5 e4 4. Qe2 Nf6 5. Nc3 Be7 6. Nxe4 O-O 7. d4 Qxd5 8.
Nxf6+ Bxf6 9. Qc4 Qa5+ 10. Bd2 Qb6 11. O-O-O Be6 12. Qb4 Nc6 13. Qxb6 axb6 14.
Bc3 Rxa2 15. Kb1 Rfa8 16. b3 Nb4 17. Rd2 Nd5 18. Bb2 c6 19. Bc4 b5 20. Bd3 Nb4
21. Be4 g6 22. Rc1 Kg7 23. c3 Nd5 24. c4 bxc4 25. bxc4 Nb6 26. d5 Bxb2 27. Rxb2
Ra1+ 28. Kc2 Rxc1+ 29. Kxc1 cxd5 30. Rxb6 dxe4 31. Ng5 Bxc4 32. Rxb7 Ra1+ 33.
Kd2 Ra2+ 34. Ke3 Re2+ 35. Kd4 Ba2 36. Nxe4 h5 37. h4 Be6 38. g3 Ra2 39. f3 Ra3
40. Ng5 Ra4+ 41. Ke3 Bd5 42. Rc7 Rb4 43. Kf2 Kf6 44. Rd7 Be6 45. Nxe6 Kxe6 46.
Ra7 Rb2+ 47. Kf1 f6 48. Ra5 Rc2 49. Kg1 Kf7 50. Kf1 Ke6 51. Kg1 Rd2 52. Kf1 Rd5
53. Ra6+ Ke5 54. Kf2 Rb5 55. Rc6 Rb2+ 56. Kf1 Rb3 57. Kf2 Rb5 58. Ra6 g5 59.
hxg5 fxg5 60. Rh6 Rb2+ 61. Kg1 Kd4 62. Rxh5 Ke3 63. Rxg5 Kxf3 64. Rg8 Rg2+ 65.
Kf1 Rxg3 66. Rxg3+ Kxg3 {Normal} 1/2-1/2

[Event "Rated Blitz tournament eQ5ltAmr"]
[Site "?"]
[Date "2021.04.29"]
[Round "?"]
[White "NOELDelaCruz"]
[Black "khalid_ontawar"]
[Result "1-0"]
[WhiteElo "2449"]
[BlackElo "2336"]
[PlyCount "51"]
[EventDate "2021.??.??"]
[EventType "blitz"]

1. e4 e5 2. Nf3 d5 3. Nxe5 Qe7 4. d4 f6 5. Nd3 dxe4 6. Nf4 Bf5 7. c4 Nc6 8. Nc3
O-O-O 9. d5 Ne5 10. Be3 g5 11. Nh5 Nd3+ 12. Bxd3 exd3 13. O-O Qd7 14. Bxa7 Bg4
15. Qxd3 Bxh5 16. Rfe1 Bg6 17. Qd2 Bd6 18. Bd4 Bf4 19. Be3 Bxe3 20. Rxe3 Ne7
21. Nb5 b6 22. Qb4 Nf5 23. Qa4 Qf7 24. Qa8+ Kd7 25. Qc6+ Kc8 26. Ra3 {Normal}
1-0

[Event "Rated Blitz game"]
[Site "?"]
[Date "2021.04.29"]
[Round "?"]
[White "Mabaia73"]
[Black "CristianS27"]
[Result "0-1"]
[WhiteElo "2379"]
[BlackElo "2406"]
[PlyCount "56"]
[EventDate "2021.??.??"]
[EventType "blitz"]

1. e4 e5 2. Nf3 d5 3. Nxe5 dxe4 4. d4 Nd7 5. f4 exf3 6. Nxf3 Ngf6 7. Bc4 Bd6 8.
O-O O-O 9. c3 Nb6 10. Be2 h6 11. c4 c5 12. d5 Bg4 13. Nc3 Re8 14. h3 Bh5 15. g4
Bg6 16. Nh4 Bh7 17. Nf5 Bxf5 18. Rxf5 Qe7 19. g5 Ne4 20. Nxe4 Qxe4 21. Bd3 Qd4+
22. Kg2 Nxc4 23. gxh6 Ne3+ 24. Bxe3 Rxe3 25. Bc2 Rg3+ 26. Kh1 Rxh3+ 27. Kg2
Rh2+ 28. Kf3 Rf2# {Normal} 0-1

[Event "Rated Blitz game"]
[Site "?"]
[Date "2021.04.29"]
[Round "?"]
[White "xadrezsoccer21"]
[Black "KinzyabulatovRenat"]
[Result "1-0"]
[WhiteElo "2405"]
[BlackElo "2352"]
[PlyCount "51"]
[EventDate "2021.??.??"]
[EventType "blitz"]

1. e4 e5 2. Nf3 d5 3. exd5 e4 4. Qe2 Nf6 5. d3 Qxd5 6. Nc3 Bb4 7. dxe4 Bxc3+ 8.
bxc3 Qxe4 9. Ba3 Bf5 10. O-O-O Qxe2 11. Bxe2 Nbd7 12. Nd4 Be4 13. f3 Bd5 14. c4
Be6 15. Nxe6 fxe6 16. c5 Ne5 17. f4 Nc6 18. Bc4 Kf7 19. f5 Nd8 20. Rhe1 Re8 21.
g4 Nxg4 22. Rd7+ Re7 23. fxe6+ Ke8 24. c6 Nxc6 25. Bxe7 Nxe7 26. Rxc7 {Normal}
1-0

[Event "Rated Blitz tournament o8lcZsJw"]
[Site "?"]
[Date "2021.04.29"]
[Round "?"]
[White "BughouseKnight"]
[Black "dr_xStranger"]
[Result "1/2-1/2"]
[WhiteElo "2566"]
[BlackElo "2513"]
[PlyCount "219"]
[EventDate "2021.??.??"]
[EventType "blitz"]

1. e4 e5 2. Nf3 d5 3. Nxe5 Bd6 4. d4 dxe4 5. Nc4 Nf6 6. Nc3 O-O 7. Bg5 Re8 8.
Be2 h6 9. Bh4 Nc6 10. O-O Be7 11. d5 Nb8 12. Bg3 Nbd7 13. d6 cxd6 14. Nxd6 Bxd6
15. Qxd6 Nb6 16. Qc5 Be6 17. Rad1 Qc8 18. Qb4 e3 19. fxe3 Nc4 20. Bxc4 Bxc4 21.
Rxf6 gxf6 22. Bf4 Kg7 23. Qa5 b6 24. Qh5 Be6 25. Bxh6+ Kg8 26. Qh4 Qc4 27. Qxf6
Qg4 28. Ne4 Qxd1+ 29. Kf2 Qg4 30. Bf4 Qg6 31. Qd4 Rad8 32. Nf6+ Kf8 33. Bd6+
Re7 34. Ne4 Rxd6 35. Nxd6 Rd7 36. e4 Qg7 37. e5 Qg4 38. Qd2 Qh4+ 39. Kg1 Rc7
40. g3 Qh5 41. Qf4 Qd1+ 42. Qf1 Qxf1+ 43. Kxf1 Rxc2 44. Ne4 Rxb2 45. Nf2 Rxa2
46. Ne4 Bc4+ 47. Kg1 Re2 48. Nd6 Bd3 49. Nc8 a5 50. Nxb6 Rxe5 51. Kf2 Rb5 52.
Na4 Rb4 53. Nc3 a4 54. Ke3 a3 55. Kxd3 Rb2 56. Ne4 a2 57. Nc5 a1=Q 58. Nd7+ Ke7
59. Ne5 Qa3+ 60. Ke4 Rb4+ 61. Kf5 Rb5 62. g4 Rxe5+ 63. Kxe5 Qh3 64. Kf4 Qxh2+
65. Kg5 Qg2 66. Kf5 f6 67. g5 Qxg5+ 68. Ke4 Qe5+ 69. Kf3 Qe6 70. Kf4 Kd6 71.
Kf3 Qe5 72. Kg4 Ke6 73. Kf3 f5 74. Kf2 f4 75. Kf3 Qe3+ 76. Kg4 Qa3 77. Kh5 Ke5
78. Kg4 Ke4 79. Kg5 Kf3 80. Kg6 Kg3 81. Kg5 f3 82. Kg6 f2 83. Kg5 f1=Q 84. Kg6
Qf4 85. Kg7 Qf6+ 86. Kxf6 Qa6+ 87. Ke5 Qb5+ 88. Kd6 Qb3 89. Ke5 Qf3 90. Kd4
Qf4+ 91. Kd5 Kg4 92. Ke6 Qg5 93. Kd6 Kh5 94. Ke6 Qg6+ 95. Ke7 Qg5+ 96. Ke6 Qf5+
97. Ke7 Qg4 98. Kd6 Kg5 99. Ke7 Kf5 100. Kd6 Kg6 101. Ke5 Qg5+ 102. Kd6 Qf5
103. Ke7 Qf6+ 104. Kd7 Qf7+ 105. Kd6 Qg7 106. Kd5 Qh7 107. Kd4 Qh6 108. Kd3 Qh5
109. Kd2 Qh4 110. Kd3 {Time forfeit} 1/2-1/2

[Event "Rated Blitz game"]
[Site "?"]
[Date "2021.04.28"]
[Round "?"]
[White "B7B7B7"]
[Black "JellalFernandes"]
[Result "1-0"]
[WhiteElo "2534"]
[BlackElo "2575"]
[PlyCount "79"]
[EventDate "2021.??.??"]
[EventType "blitz"]

1. e4 e5 2. Nf3 d5 3. exd5 Bd6 4. d4 e4 5. Ne5 Nf6 6. Bc4 O-O 7. O-O Re8 8. Bf4
Nbd7 9. Nxd7 Bxf4 10. Nxf6+ Qxf6 11. Nc3 Qh6 12. g3 Bd6 13. Re1 Qg6 14. Bf1 Bg4
15. Qd2 h5 16. Bg2 Bf5 17. Re2 h4 18. Rae1 h3 19. Bxe4 Bxe4 20. Nxe4 f5 21.
Nxd6 cxd6 22. Rxe8+ Rxe8 23. Rxe8+ Qxe8 24. Qe3 Qh5 25. f3 f4 26. Qxf4 Qxd5 27.
b3 Qa5 28. Qe4 Qxa2 29. Qe6+ Kf8 30. Qxh3 Qxc2 31. Qh8+ Kf7 32. Qh5+ Kf8 33.
Qd5 Qd1+ 34. Kg2 Qd2+ 35. Kh3 Qh6+ 36. Kg4 Qxh2 37. Qxd6+ Kg8 38. Qb8+ Kh7 39.
Qxb7 Qc2 40. Qe4+ {Time forfeit} 1-0

[Event "Rated Blitz game"]
[Site "?"]
[Date "2021.04.28"]
[Round "?"]
[White "blitzbullet"]
[Black "KamranShirazi"]
[Result "1-0"]
[WhiteElo "2529"]
[BlackElo "2523"]
[PlyCount "115"]
[EventDate "2021.??.??"]
[EventType "blitz"]

1. e4 e5 2. Nf3 d5 3. Nxe5 Bd6 4. d4 dxe4 5. Nc4 Be7 6. Nc3 f5 7. Ne5 Be6 8. d5
Nd7 9. Bb5 c6 10. dxc6 Nxe5 11. c7+ Qd7 12. Bxd7+ Nxd7 13. Bf4 Ngf6 14. Bd6 Rc8
15. Qd4 Bxd6 16. Qxd6 Kf7 17. O-O-O Ne8 18. Qf4 Rxc7 19. Nxe4 h6 20. Nd6+ Nxd6
21. Rxd6 Rhc8 22. Rxe6 Kxe6 23. Re1+ Kf7 24. Qxf5+ Nf6 25. f3 Rc5 26. Qe6+ Kg6
27. c3 R8c6 28. Qe3 b5 29. Qd4 a5 30. Re5 Rc4 31. Qd3+ Kf7 32. Rxb5 a4 33. Rb7+
Kg8 34. Qd8+ Kh7 35. Qe7 Nh5 36. g4 Rg6 37. gxh5 Rg2 38. Qe3 Rc8 39. Re7 a3 40.
bxa3 Rxh2 41. Qe4+ Kh8 42. Re8+ Rxe8 43. Qxe8+ Kh7 44. a4 Rxa2 45. Qg6+ Kh8 46.
Qc6 Kh7 47. Kb1 Rf2 48. a5 Rf1+ 49. Kc2 Rf2+ 50. Kb3 Rf1 51. Qe4+ Kh8 52. a6
Ra1 53. Qe8+ Kh7 54. Qg6+ Kg8 55. Qe6+ Kf8 56. Qc8+ Kf7 57. Kc2 Kf6 58. Qb7 {
Time forfeit} 1-0

[Event "Rated Rapid game"]
[Site "?"]
[Date "2021.04.28"]
[Round "?"]
[White "william82"]
[Black "knife_fork"]
[Result "0-1"]
[WhiteElo "2306"]
[BlackElo "2493"]
[PlyCount "136"]
[EventDate "2021.??.??"]
[EventType "rapid"]

1. e4 e5 2. Nf3 d5 3. d3 dxe4 4. dxe4 Qxd1+ 5. Kxd1 Nc6 6. Bb5 f6 7. Nc3 Bd7 8.
Ke2 O-O-O 9. Be3 a6 10. Bc4 Bd6 11. Rhd1 Nge7 12. a3 Kb8 13. b4 h5 14. b5 axb5
15. Nxb5 Bg4 16. a4 Na5 17. Nxd6 Rxd6 18. Bb5 Rhd8 19. Rxd6 Rxd6 20. Bc5 Re6
21. Bd7 Ng6 22. Bxe6 Nf4+ 23. Ke3 Nxg2+ 24. Kd2 Bxe6 25. Rg1 Bh3 26. Ne1 Nxe1
27. Kxe1 g5 28. Be7 Bd7 29. Bxf6 g4 30. Bxe5 Bxa4 31. Bc3 Nc4 32. Kd1 Bc6 33.
Re1 Kc8 34. e5 Bf3+ 35. Kc1 Kd8 36. Bb4 Ke8 37. e6 b6 38. Bd2 Nd6 39. Bf4 Ke7
40. Bg5+ Ke8 41. e7 Ne4 42. Bh4 c5 43. Re3 c4 44. Ra3 Nd6 45. Ra7 Nf5 46. Bg5
Bc6 47. Rc7 Bd7 48. Rxc4 b5 49. Rc5 Kf7 50. Re5 Kg6 51. Bf4 Be8 52. Kb2 Kf6 53.
Re1 Nxe7 54. Bd6 Nf5 55. Rxe8 Nxd6 56. Rb8 h4 57. Kc3 Kf5 58. Rb6 Ne4+ 59. Kd4
Nxf2 60. Rxb5+ Kf4 61. c4 Ne4 62. c5 g3 63. hxg3+ hxg3 64. c6 g2 65. Rb1 Nd2
66. Rd1 Nf1 67. c7 g1=Q+ 68. Kc4 Ne3+ {Time forfeit} 0-1

[Event "Rated Blitz game"]
[Site "?"]
[Date "2021.04.28"]
[Round "?"]
[White "farlopamoral"]
[Black "Jomajo"]
[Result "0-1"]
[WhiteElo "2513"]
[BlackElo "2620"]
[PlyCount "118"]
[EventDate "2021.??.??"]
[EventType "blitz"]

1. e4 e5 2. Nf3 d5 3. d3 dxe4 4. dxe4 Qxd1+ 5. Kxd1 Bg4 6. Bd3 Nd7 7. Ke2 f6 8.
Be3 Bc5 9. Nbd2 Bxe3 10. Kxe3 O-O-O 11. Rad1 Ne7 12. Nb3 Ng6 13. h3 Be6 14. g3
h5 15. h4 Bg4 16. Be2 Ne7 17. Nfd2 f5 18. Bxg4 fxg4 19. f4 gxf3 20. Nxf3 Rhf8
21. Nbd2 Nc6 22. Nc4 b5 23. Ncd2 Nf6 24. c3 Ng4+ 25. Ke2 Rf6 26. Rhf1 Rfd6 27.
Nb3 Rxd1 28. Rxd1 Rxd1 29. Kxd1 Nf2+ 30. Ke2 Nxe4 31. Ng5 Nxg3+ 32. Ke3 Nf5+
33. Ke4 Nxh4 34. Nc5 Ng6 35. Nce6 h4 36. Nxg7 Kd7 37. Nf5 Nce7 38. Ne3 Nc8 39.
Nf7 Nd6+ 40. Nxd6 cxd6 41. Kf5 Nf4 42. Kg4 h3 43. Nf1 Ke6 44. Kf3 d5 45. b3 Kd6
46. Ke3 a5 47. Nh2 Kc5 48. Nf3 b4 49. Kd2 bxc3+ 50. Kxc3 d4+ 51. Kd2 Kd5 52.
Nh2 e4 53. a3 e3+ 54. Ke1 Ke4 55. b4 axb4 56. axb4 Nd3+ 57. Ke2 Nxb4 58. Nf3
d3+ 59. Ke1 Kxf3 {Normal} 0-1

[Event "Rated Blitz game"]
[Site "?"]
[Date "2021.04.28"]
[Round "?"]
[White "farlopamoral"]
[Black "Jomajo"]
[Result "0-1"]
[WhiteElo "2505"]
[BlackElo "2628"]
[PlyCount "86"]
[EventDate "2021.??.??"]
[EventType "blitz"]

1. e4 e5 2. Nf3 d5 3. Nc3 d4 4. Ne2 d3 5. cxd3 Nc6 6. Nc3 Bg4 7. Be2 Bxf3 8.
Bxf3 Bc5 9. O-O Nf6 10. Ne2 O-O 11. a3 a5 12. b3 Qxd3 13. Ng3 Rfd8 14. Re1 Nd4
15. Re3 Qc2 16. Rc3 Qxd1+ 17. Bxd1 Bb6 18. Bb2 c6 19. Rac1 g6 20. Kf1 Rd7 21.
f3 Rad8 22. Rd3 h5 23. h4 Ne8 24. Bc3 Nc7 25. a4 Nce6 26. Be2 Nf4 27. Bxd4 Bxd4
28. Rc4 Nxd3 29. Bxd3 Bb6 30. Be2 Rxd2 31. b4 R8d4 32. Rxd4 Rxd4 33. bxa5 Bxa5
34. Nh1 Rxa4 35. Nf2 Bb6 36. Nd1 Bd4 37. g4 b5 38. Ke1 b4 39. Kd2 Ra2+ 40. Kd3
c5 41. Bf1 b3 42. Kc4 b2 43. Bd3 Ra1 {Normal} 0-1

[Event "Rated Blitz tournament 5tfTozz0"]
[Site "?"]
[Date "2021.04.28"]
[Round "?"]
[White "EP_BKD"]
[Black "Bis_Kecil_BKD"]
[Result "1-0"]
[WhiteElo "2237"]
[BlackElo "2449"]
[PlyCount "73"]
[EventDate "2021.??.??"]
[EventType "blitz"]

1. e4 e5 2. Nf3 d5 3. d4 dxe4 4. Nxe5 Nd7 5. Nc4 Ngf6 6. Ne3 Nb6 7. Be2 Nbd5 8.
O-O Nf4 9. Nc4 Nxe2+ 10. Qxe2 Qxd4 11. Rd1 Qc5 12. Be3 Qc6 13. Nc3 a6 14. Ne5
Qe6 15. Bf4 Bd6 16. Nxe4 Bxe5 17. Nc5 Qe7 18. Qxe5 Qxe5 19. Bxe5 c6 20. Bxf6
gxf6 21. Re1+ Kd8 22. Rad1+ Kc7 23. Re7+ Kb6 24. Na4+ Ka5 25. Nc3 Be6 26. Rxb7
c5 27. a3 c4 28. b4+ cxb3 29. cxb3 Bxb3 30. Rxb3 Rab8 31. Rd5+ Rb5 32. Nxb5
axb5 33. Rdxb5+ Ka6 34. Rb6+ Ka7 35. R3b4 Rd8 36. h3 Rd1+ 37. Kh2 {Normal} 1-0

[Event "Rated Blitz game"]
[Site "?"]
[Date "2021.04.28"]
[Round "?"]
[White "Jasper_Rom"]
[Black "KinzyabulatovRenat"]
[Result "0-1"]
[WhiteElo "2408"]
[BlackElo "2348"]
[PlyCount "56"]
[EventDate "2021.??.??"]
[EventType "blitz"]

1. e4 e5 2. Nf3 d5 3. Nxe5 Bd6 4. d4 dxe4 5. Nc4 Nf6 6. Bg5 Be7 7. Nc3 O-O 8.
Be2 Nc6 9. d5 Nxd5 10. Qxd5 Bxg5 11. Qxd8 Rxd8 12. Nxe4 Be7 13. O-O Bf5 14. f3
Rd4 15. c3 Rd7 16. Ne3 Bxe4 17. fxe4 Bc5 18. Rf3 Re8 19. Kh1 Rxe4 20. Bb5 Rxe3
21. Rf4 Rde7 22. Raf1 Ne5 23. h3 c6 24. Ba4 Re2 25. b4 Bb6 26. Bb3 g5 27. Rf5
h6 28. Rf6 Kg7 {Time forfeit} 0-1

[Event "Rated Blitz game"]
[Site "?"]
[Date "2021.04.28"]
[Round "?"]
[White "Plmlgs99"]
[Black "Gifroy"]
[Result "0-1"]
[WhiteElo "2458"]
[BlackElo "2405"]
[PlyCount "42"]
[EventDate "2021.??.??"]
[EventType "blitz"]

1. e4 e5 2. Nf3 d5 3. d3 dxe4 4. dxe4 Qxd1+ 5. Kxd1 Bg4 6. Be3 f5 7. exf5 Bxf5
8. Nxe5 Bd6 9. Nc4 Be7 10. Nbd2 Nc6 11. a3 O-O-O 12. Kc1 Nf6 13. h3 Nd5 14. Nb3
Bf6 15. Be2 Rhe8 16. Rd1 b5 17. Nca5 Nxa5 18. Nxa5 Nxe3 19. Rxd8+ Kxd8 20. fxe3
Rxe3 21. Kb1 Rxe2 {Normal} 0-1

[Event "Rated Blitz game"]
[Site "?"]
[Date "2021.04.28"]
[Round "?"]
[White "Serog1sPerog1s"]
[Black "Jomajo"]
[Result "0-1"]
[WhiteElo "2472"]
[BlackElo "2665"]
[PlyCount "96"]
[EventDate "2021.??.??"]
[EventType "blitz"]

1. e4 e5 2. Nf3 d5 3. exd5 e4 4. Qe2 Qe7 5. Nd4 Nf6 6. g3 Bg4 7. Qb5+ c6 8.
dxc6 bxc6 9. Nxc6 a6 10. Qa4 Bd7 11. Nxe7 Bxa4 12. Nf5 Bxc2 13. Nc3 Nc6 14. Ne3
Nb4 15. Bc4 Bd3 16. Bb3 Bc5 17. a3 Nc6 18. Ncd5 O-O 19. Nxf6+ gxf6 20. Bd5 Nd4
21. b4 Nf3+ 22. Kd1 Bd4 23. Bxa8 Bxa1 24. Bd5 Rd8 25. Bc4 Kg7 26. Bxd3 exd3 27.
Rf1 Kg6 28. h4 h5 29. g4 Rc8 30. gxh5+ Kxh5 31. Rh1 Bd4 32. Rh3 Ne5 33. Rg3
Kxh4 34. Nf5+ Kh5 35. Nxd4 Ng6 36. Nf5 Re8 37. Ne3 f5 38. Rg1 f4 39. Rf1 f3 40.
Nd5 Ne5 41. Ne3 Kg5 42. Re1 Kf4 43. Bb2 Nc4 44. Bd4 Nb2+ 45. Kc1 Nc4 46. Bc3
Rd8 47. Nd5+ Rxd5 48. Bd4 Rxd4 {Time forfeit} 0-1

[Event "Rated Blitz game"]
[Site "?"]
[Date "2021.04.28"]
[Round "?"]
[White "meridaandres"]
[Black "Jomajo"]
[Result "0-1"]
[WhiteElo "2454"]
[BlackElo "2636"]
[PlyCount "36"]
[EventDate "2021.??.??"]
[EventType "blitz"]

1. e4 e5 2. Nf3 d5 3. Nxe5 Bd6 4. d4 dxe4 5. Bc4 Bxe5 6. dxe5 Qxd1+ 7. Kxd1 Nc6
8. Bf4 Nge7 9. e6 Bxe6 10. Bxe6 fxe6 11. Bxc7 Nd5 12. Bg3 O-O-O 13. Nd2 e3 14.
fxe3 Nxe3+ 15. Kc1 Nb4 16. Re1 Nbxc2 17. Re2 Rd5 18. Nc4 Rd1# {Normal} 0-1

[Event "Rated Blitz game"]
[Site "?"]
[Date "2021.04.28"]
[Round "?"]
[White "weaponizedautismbro"]
[Black "Jomajo"]
[Result "1/2-1/2"]
[WhiteElo "2596"]
[BlackElo "2663"]
[PlyCount "142"]
[EventDate "2021.??.??"]
[EventType "blitz"]

1. e4 e5 2. Nf3 d5 3. exd5 e4 4. Qe2 Qe7 5. Nd4 Nf6 6. Nc3 Qe5 7. Nb3 Nbd7 8.
g3 Bb4 9. Bg2 a5 10. Nxe4 O-O 11. Nxf6+ Qxf6 12. a3 Bd6 13. d3 Ne5 14. O-O Re8
15. Be3 Ng4 16. Qd2 Qf5 17. Bf4 Bxf4 18. Qxf4 Qxf4 19. gxf4 Bd7 20. Nd4 Nf6 21.
Rfe1 Kf8 22. Bf3 a4 23. c4 Rad8 24. Re5 Ng8 25. Rae1 Ne7 26. c5 Ng6 27. Rxe8+
Bxe8 28. f5 Nf4 29. d6 cxd6 30. c6 bxc6 31. Nxc6 Rc8 32. Nb4 Bb5 33. h4 Nxd3
34. Nxd3 Bxd3 35. Rd1 Bxf5 36. Rxd6 Be6 37. Ra6 Bb3 38. Ra8 Rxa8 39. Bxa8 Ke7
40. f4 Kf6 41. Be4 Ke6 42. Kf2 f5 43. Bf3 Kd6 44. Ke3 Kc5 45. Be2 Be6 46. Bd3
g6 47. Bc2 Bd7 48. Kd3 h6 49. Kc3 Bc6 50. b4+ axb3 51. Bxb3 Bd7 52. Bf7 g5 53.
hxg5 hxg5 54. fxg5 f4 55. Bh5 f3 56. Bxf3 Bf5 57. Be2 Kd5 58. Bd3 Be6 59. Bc4+
Ke5 60. Bxe6 Kxe6 61. a4 Kf5 62. a5 Kxg5 63. a6 Kf6 64. a7 Ke5 65. a8=Q Kd6 66.
Qc6+ Ke5 67. Qc5+ Kf4 68. Qd4+ Kg3 69. Qd3+ Kg2 70. Qd2+ Kg1 71. Qd3 Kh1 {
Time forfeit} 1/2-1/2